00619nam a2200205Ia 4500008004100000050001100041050001500052100002900067245010300096245002900199260003100228260001000259260001000269300001500279300002000294300001100314500005600325650001600381650001600397150520s9999 xx 000 0 und d aBF 698 b.W746 2015 aWilson, Tom Whittaker T. aLevels of self-esteem and personality types of selected gym goers of metro gym, Sta Rosa, Laguna / cTom Whittaker T. Wilson. aLas Piñas, Philippines : bSISC, c2015. a86 pages : billustrations ; c28 cm. aIncludes bibliographical references and appendices. aPersonality aSelf-esteem